000
00271nam a2200109Ia 4500
008
190914s9999||||xx |||||||||||||| ||und||
100
_a
Jonathan Obrien
245
0
_a
Category Management In Purchasing
260
_a
India
_b
Person Hall
_c
2005
300
_a
938
942
_c
BK
999
_c
9868
_d
9868